UBT Library

Basic trauma life support for paramedics and advanced EMS providers / (Record no. 39372)

000 -LEADER
fixed length control field 00838pam a2200241 a 4500
001 - CONTROL NUMBER
control field 3489057
005 - DATE AND TIME OF LATEST TRANSACTION
control field 20171226035908.0
008 - FIXED-LENGTH DATA ELEMENTS--GENERAL INFORMATION
fixed length control field 941026s1995 njua b 001 0 eng c
010 ## - LIBRARY OF CONGRESS CONTROL NUMBER
LC control number 94042786
020 ## - INTERNATIONAL STANDARD BOOK NUMBER
International Standard Book Number 089303035X
040 ## - CATALOGING SOURCE
Original cataloging agency DNLM/DLC
Transcribing agency DLC
Modifying agency DLC
041 ## - LANGUAGE CODE
Language code of text/sound track or separate title eng
060 10 - NATIONAL LIBRARY OF MEDICINE CALL NUMBER
Classification number WX 215 B3115 1995
080 ## - UNIVERSAL DECIMAL CLASSIFICATION NUMBER
Universal Decimal Classification number 617.1026 CAM
082 00 - DEWEY DECIMAL CLASSIFICATION NUMBER
Classification number 617.1026 CAM
Edition number 20
100 ## - Rafti
Rafti 2
101 ## - Shkurtesa
Shkurtesa INF
245 00 - TITLE STATEMENT
Title Basic trauma life support for paramedics and advanced EMS providers /
Statement of responsibility, etc edited by John Emory Campbell ; Alabama Chapter, American College of Emergency Physicians.
504 ## - BIBLIOGRAPHY, ETC. NOTE
Bibliography, etc Includes bibliographical references and index.
906 ## - LOCAL DATA ELEMENT F, LDF (RLIN)
a 7
b cbc
c orignew
d 1
e ocip
f 19
g y-gencatlg
942 ## - ADDED ENTRY ELEMENTS (KOHA)
Source of classification or shelving scheme
Item type Books
Holdings
Withdrawn status Lost status Source of classification or shelving scheme Damaged status Not for loan Collection code Permanent location Current location Shelving location Date acquired Total Checkouts Full call number Barcode Date last seen Price effective from Koha item type
          Koleksioni i përgjithshem UBT - Lipjan UBT - Lipjan Koleksioni i përgjithshem 12/26/2017   617.1026 CAM 002-2939961 12/26/2017 12/26/2017 Books
UBT Library © 2015-2024. All rights reserved University Education for Business and Technology